Repensar el desarrollo: Decenio mundial para el desarrollo cultural: 1988-1997 /

Guardado en:
Bibliografiske detaljer
Hovedforfatter: Leander, Birgitta
Autores Corporativos: Naciones Unidas, UNESCO
Andre forfattere: ed.
Format: Texto
Sprog:Spanish
Udgivet: s.l: UNESCO
Fag:
Tags: Tilføj Tag
Ingen Tags, Vær først til at tagge denne postø!

MARC

LEADER 00000 a a2200000 04500
001 37646
003 cru CIDCACS/IIS
005 20171102162855.0
008 171102b xxu||||| |||| 00| 0 spa d
999 |c 7824  |d 7824 
040 |c CIDCACS/IIS 
090 |a 05.03.04 R425r  
100 |a Leander, Birgitta  
110 |a Naciones Unidas  
245 |a Repensar el desarrollo:   |b Decenio mundial para el desarrollo cultural: 1988-1997 /   |c Naciones Unidas  
260 |a s.l:   |b UNESCO  
300 |a 32 páginas  |b ilustrado 
650 |a CULTURA  
650 |a IDENTIDAD CULTURAL  
650 |a PLURALISMO CULTURAL  
650 |a DESARROLLO HUMANO  
700 |a ed.  
710 |a UNESCO  
942 |2 ddc  |c LI